Pusty serca

Bibliographic Details
Main Author: Varzaly, Štefan (Author)
Format: Article
Language:Ukrainian
Slovak
Subjects:

MARC

LEADER 00000nab a2200000 a 4500
001 vtls000637868
003 SK-MaSNL
005 20260302185145.0
008 160314c1997 xo 0 ukr
015 |a SNBRB19rr/mm-uuuuu 
035 |a CL0638007 
040 |a SNKBUCL  |b slo  |c SNKBUCL  |e AACR2 
041 0 |a slo 
044 |a xo  |c SK 
080 |a 887.5 (73)-1=875  |2 1981 
100 1 |a Varzaly, Štefan  |4 aut  |9 901346 
245 1 0 |a Pusty serca  |c Štefan Varzaly 
650 0 7 |a básne reflexívne  |2 snkbucl  |9 898242 
650 0 7 |a básne lyrické  |2 snkbucl  |9 403933 
773 0 |t Narodny novynky  |g Roč. 7, č. 25-26 (1997) 
773 0 |t [Príl.] Pozdravlinja rusyniv na 1997 rik  |g Roč. 3, č. 2 (1997), s. 2 (4) 
850 |a Slovenská národná knižnica v Martine  |a POA001 
852 |a SNK  |b KIS3GCP 
958 |a RN 
958 |a LX 
958 |a NX 
958 |a US 
958 |a RK 
958 |a RBX 
999 |c 1428346  |d 1430276